00269nam a2200121Ia 450000500170000000800410001704100080005810000180006624500310008425000080011526000160012330000080013920251013221652.0251010s9999 xx 000 0 und d aeng aHardy, Thomas aFar From The Madding Crowd a1ST bUBSBDc1996 a458